De la phthisie pulmonaire et de sa curabilité / (Record no. 156397)

MARC details
000 -LEADER
campo de control de longitud fija 00635nam a2200157 i 4500
001 - NÚMERO DE CONTROL
campo de control 156397
003 - IDENTIFICADOR DE NÚMERO DE CONTROL
campo de control ES-MaACL
005 - FECHA Y HORA DE LA ÚLTIMA TRANSACCIÓN
campo de control 20230906210411.0
008 - DATOS DE LONGITUD FIJA--INFORMACIÓN GENERAL
campo de control de longitud fija 040729s1881 fr |||| | fre d
040 ## - FUENTE DE CATALOGACIÓN
Centro catalogador/agencia de origen CAM
Lengua de catalogación spa
Centro/agencia transcriptor CAM
100 1# - ENTRADA PRINCIPAL--NOMBRE DE PERSONA
Nombre de persona Joly, Jean-Louis-Simon.
9 (RLIN) 128337
245 10 - MENCIÓN DEL TÍTULO
Título De la phthisie pulmonaire et de sa curabilité /
Mención de responsabilidad, etc. par Jean-Louis-Simon Joly.
260 ## - PUBLICACIÓN, DISTRIBUCIÓN, ETC.
Lugar de publicación, distribución, etc. Paris :
Nombre del editor, distribuidor, etc. Librairie J.-B. Baillière et Fils,
Fecha de publicación, distribución, etc. 1881 (
Fabricante Typ. Pillet et Dumoulin)
300 ## - DESCRIPCIÓN FÍSICA
Extensión 96 p. ;
Dimensiones 23 cm.
852 ## - LOCALIZACIÓN
Ubicación ES-MaACL
Número de control de estantería T-686-F-7
Nota libre -- Enc. hol., conservando la cub. original
-- -- Ex-libris ms. de Gustavo Saenz Diez
-- -- Enc. en un vol. facticio
Holdings
Estatus retirado Estado de pérdida Estado de daño No para préstamo Colección Biblioteca de origen Biblioteca actual Ubicación en estantería Fecha de adquisición Total de préstamos Signatura topográfica completa Código de barras Visto por última vez Precio de reemplazo Tipo de ítem Koha
        Colección de folletos Biblioteca del Ateneo de Madrid Biblioteca del Ateneo de Madrid Depósito folletos 17/01/2008   T-686-F-7 1163625 23/02/2023 23/02/2023 Folleto